Racionalizačné útvary v priemyselných podnikoch

Na minha lista:
Detalhes bibliográficos
Autor principal: Hajtš, Valentín
Outros Autores: Cepka, Vincent
Formato: Livro
Idioma:eslovaco
Publicado em: Bratislava Práca 1970
Colecção:Racionalizácia a riadenie zv. 2/70
Tags: Adicionar Tag
Sem tags, seja o primeiro a adicionar uma tag!

MARC

LEADER 00000nam a2200000 4500
001 c130353
005 20050301104122.0
041 0 |a slo 
044 |a SK 
245 1 0 |a Racionalizačné útvary v priemyselných podnikoch  |c Valentín Hajtš, Vincent Cepka 
264 1 |a Bratislava  |b Práca  |c 1970 
300 |a 136 s. 
490 1 |a Racionalizácia a riadenie  |v zv. 2/70 
830 0 |a Racionalizácia a riadenie  |v zv. 2/70 
100 1 |a Hajtš, Valentín 
700 1 |a Cepka, Vincent